[Event "IND-ch U19 40th"]
[Site "Puri"]
[Date "2010.10.01"]
[Round "1"]
[White "Shyam, Sundar M"]
[Black "Saurabh, Mandal"]
[Result "1-0"]
[WhiteElo "2417"]
[BlackElo "1865"]
[PlyCount "55"]
[EventDate "2010.10.01"]
[EventType "tourn"]
[EventRounds "11"]
[EventCountry "IND"]
[SourceTitle "CBM 138 Extra"]
[Source "ChessBase"]
[SourceDate "2010.10.29"]
[SourceVersion "1"]
[SourceVersionDate "2010.10.29"]
[SourceQuality "1"]

1. e4 c5 2. Nf3 Nc6 3. Bb5 g6 4. Bxc6 dxc6 5. d3 Bg7 6. h3 Nf6 7. Nc3 0-0 8. 0-0 Qc7 9. Be3 b6 10. Qd2 Ba6 11. Bh6 Rfd8 12. Bxg7 Kxg7 13. Rad1 Nd7 14. Nh2 b5 15. Ne2 Nf6 16. Qc3 c4 17. dxc4 b4 18. Qxb4 Nxe4 19. b3 c5 20. Qa3 Bb7 21. Qb2+ f6 22. Rd3 Bc6 23. Qc1 e5 24. Ng4 f5 25. Qh6+ Kg8 26. Ne3 Qg7 27. Nxf5 Qf7 28. Qh4 1-0

[Event "IND-ch U17 20th"]
[Site "Chakradharpur"]
[Date "2009.10.12"]
[Round "8"]
[White "Mehar, Chinna Reddy CH"]
[Black "Saurabh, Mandal"]
[Result "1/2-1/2"]
[WhiteElo "2235"]
[BlackElo "1902"]
[PlyCount "64"]
[EventDate "2009.10.07"]
[EventType "swiss"]
[EventRounds "11"]
[EventCountry "IND"]
[SourceTitle "CBM 132 Extra"]
[Source "ChessBase"]
[SourceDate "2009.11.03"]
[SourceVersion "1"]
[SourceVersionDate "2009.11.03"]
[SourceQuality "1"]

1. e4 c5 2. Nf3 Nc6 3. d4 cxd4 4. Nxd4 g6 5. Nc3 Bg7 6. Be3 Nf6 7. Bc4 0-0 8. f3 Qb6 9. a3 d6 10. Na4 Qa5+ 11. b4 Qc7 12. Bb3 Ne5 13. 0-0 Bd7 14. Qe2 a6 15. Rac1 Bxa4 16. Bxa4 Qc3 17. Bb3 Neg4 18. fxg4 Nxg4 19. Ne6 Qxe3+ 20. Qxe3 Nxe3 21. Nxf8 Nxf1 22. Nxg6 hxg6 23. Rxf1 Bd4+ 24. Kh1 e6 25. Rd1 Be5 26. a4 a5 27. bxa5 Rxa5 28. g3 b5 29. axb5 Rxb5 30. Kg2 Rc5 31. Kf2 Rc3 32. Ke2 Kg7 1/2-1/2

[Event "IND-ch U17 20th"]
[Site "Chakradharpur"]
[Date "2009.10.08"]
[Round "2"]
[White "Deepak, Katiyar"]
[Black "Saurabh, Mandal"]
[Result "1-0"]
[WhiteElo "2145"]
[BlackElo "1902"]
[PlyCount "101"]
[EventDate "2009.10.07"]
[EventType "swiss"]
[EventRounds "11"]
[EventCountry "IND"]
[SourceTitle "CBM 132 Extra"]
[Source "ChessBase"]
[SourceDate "2009.11.03"]
[SourceVersion "1"]
[SourceVersionDate "2009.11.03"]
[SourceQuality "1"]

1. e4 c5 2. Nf3 Nc6 3. d4 cxd4 4. Nxd4 g6 5. Nc3 Bg7 6. Be3 Nf6 7. Nxc6 bxc6 8. e5 Nd5 9. Nxd5 cxd5 10. Qxd5 Rb8 11. Bd4 0-0 12. 0-0-0 Bb7 13. Qc5 Rc8 14. Qxa7 Be4 15. Bc3 Bh6+ 16. Kb1 Rxc3 17. bxc3 Qb8+ 18. Qxb8 Rxb8+ 19. Ka1 Bxc2 20. Ba6 Bxd1 21. Rxd1 Bg7 22. f4 d6 23. Rd5 Rb6 24. Bd3 dxe5 25. Rd8+ Bf8 26. fxe5 Re6 27. a4 Rxe5 28. Ra8 Re3 29. Rd8 Re5 30. Kb2 e6 31. Ra8 Kg7 32. a5 Rd5 33. Kc2 Rd7 34. Rc8 Bd6 35. h3 Kf6 36. a6 h5 37. c4 Be5 38. c5 Ke7 39. Be4 Ra7 40. Bb7 Kd7 41. Kd3 f5 42. Rg8 Kc7 43. Rxg6 Rxb7 44. axb7 Kxb7 45. Rxe6 Bg3 46. Kc4 h4 47. Kd5 Kc7 48. Re7+ Kd8 49. Rf7 f4 50. Kc6 f3 51. gxf3 1-0